Building Robots with LEGO MINDSTORMS : (Record no. 389)

MARC details
000 -LEADER
fixed length control field 00701nac a22001931u 4500
008 - FIXED-LENGTH DATA ELEMENTS--GENERAL INFORMATION
fixed length control field 100914s2002 mau|||||r|||| 001 0 eng d
020 ## - INTERNATIONAL STANDARD BOOK NUMBER
International Standard Book Number 1928994679
082 ## - DEWEY DECIMAL CLASSIFICATION NUMBER
Classification number 629.892
Item number FER
Edition number 22
100 ## - MAIN ENTRY--PERSONAL NAME
Personal name Ferrari, Mario
9 (RLIN) 19080
245 ## - TITLE STATEMENT
Title Building Robots with LEGO MINDSTORMS :
Remainder of title The Ultimate Tool for MINDSTORMS Maniacs /
Statement of responsibility, etc Mario Ferrari, Giulio Ferrari; Ralph Hempel (technical editor)
260 ## - PUBLICATION, DISTRIBUTION, ETC. (IMPRINT)
Place of publication, distribution, etc Rockland, MA. :
Name of publisher, distributor, etc Syngress,
Date of publication, distribution, etc 2002
300 ## - PHYSICAL DESCRIPTION
Extent 614 p. :
Other physical details ill. ;
Dimensions 24 cm.
500 ## - GENERAL NOTE
General note Includes index
650 ## - SUBJECT ADDED ENTRY--TOPICAL TERM
Topical term or geographic name as entry element Robots
General subdivision design and construction
9 (RLIN) 19081
650 ## - SUBJECT ADDED ENTRY--TOPICAL TERM
Topical term or geographic name as entry element Lego toys
9 (RLIN) 19082
700 ## - ADDED ENTRY--PERSONAL NAME
9 (RLIN) 19078
Personal name ferrari, Giulio
700 ## - ADDED ENTRY--PERSONAL NAME
9 (RLIN) 19079
Personal name Hempel, Ralph
942 ## - ADDED ENTRY ELEMENTS (KOHA)
Item type Book - Borrowing
Call number prefix 629.892FER
Source of classification or shelving scheme Dewey Decimal Classification
Holdings
Withdrawn status Item status Source of classification or shelving scheme Damaged status Not for loan Vendor Home library Current library Shelving location Date acquired Source of acquisition Cost, normal purchase price Total Checkouts Total Renewals Full call number Barcode Date last seen Date last borrowed Cost, replacement price Koha item type
    Dewey Decimal Classification       Central Library Central Library First floor 14/09/2010   250.00 2 4 629.892 FER 000004244 15/07/2025 04/02/2018 312.50 Book - Borrowing